Reform of income taxes as a part of public budgets stabilisation
Reforma verejných financií a otázky ďalšieho vývoja českého daňového systému.
Salvato in:
| Autore principale: | |
|---|---|
| Natura: | Capitolo di libro |
| Lingua: | inglese |
| Soggetti: | |
| Tags: |
Nessun Tag, puoi essere il primo ad aggiungerne!!
|
MARC
| LEADER | 00000naa$a2200000$$$4500 | ||
|---|---|---|---|
| 001 | 0091923 | ||
| 005 | 20231128130251.7 | ||
| 041 | 0 | |a eng | |
| 044 | |a CZ | ||
| 245 | 1 | 0 | |a Reform of income taxes as a part of public budgets stabilisation |c Ivana Barteczková |
| 520 | |a Reforma verejných financií a otázky ďalšieho vývoja českého daňového systému. | ||
| 610 | 2 | 0 | |a financie verejné |
| 610 | 2 | 0 | |a Česko |
| 610 | 2 | 0 | |a reformy daňové |
| 610 | 2 | 0 | |a politika fiškálna |
| 610 | 2 | 0 | |a politika hospodárska |
| 610 | 2 | 0 | |a reformy hospodárske |
| 100 | 1 | |a Barteczková, Ivana | |